[Event "Philadelphia op 16th"]
[Site "Philadelphia"]
[Date "2023.06.24"]
[Round "2"]
[White "Andriasian, Zaven"]
[Black "Zong, Davis Jr"]
[Result "1-0"]
[WhiteElo "2579"]
[BlackElo "2151"]
[PlyCount "111"]
[EventDate "2023.06.24"]
[EventType "swiss"]
[EventRounds "9"]
[EventCountry "USA"]
[SourceTitle "CBM 215 Extra"]
[Source "ChessBase"]
[SourceDate "2023.09.30"]
[SourceVersion "1"]
[SourceVersionDate "2023.09.30"]
[SourceQuality "1"]

1. e4 e5 2. Nf3 Nc6 3. Bc4 Nf6 4. d3 Be7 5. 0-0 0-0 6. a4 a5 7. Re1 d6 8. c3 Be6 9. Nbd2 Nd7 10. d4 exd4 11. cxd4 Bxc4 12. Nxc4 d5 13. exd5 Nb4 14. Bd2 Nf6 15. Qb3 Nfxd5 16. Re2 Bd6 17. Rae1 b6 18. Nce5 h6 19. Re4 Nf6 20. Rh4 Nbd5 21. Rh3 Bb4 22. Bxb4 Nxb4 23. Nh4 Qd5 24. Qg3 Qe6 25. Nhf3 Qf5 26. Rxh6 Nh5 27. Rxh5 Qxh5 28. Nd7 Qg6 29. Qxg6 fxg6 30. Nxf8 Kxf8 31. Kf1 Rd8 32. Re6 Nc2 33. Re4 Kf7 34. h4 Rd5 35. g4 Kf8 36. Ke2 Nb4 37. Ng5 Nc6 38. Ke3 Nd8 39. Ne6+ Nxe6 40. Rxe6 Kf7 41. Rc6 Rd7 42. b3 Re7+ 43. Kd3 Rd7 44. f4 Re7 45. d5 Rd7 46. Kd4 Re7 47. d6 cxd6 48. Rxd6 Rb7 49. Kd5 Rb8 50. Kc6 Rc8+ 51. Kb7 Rh8 52. Rxb6 Rxh4 53. g5 Rxf4 54. Ka6 Rf5 55. Rb5 Ke6 56. Kxa5 1-0

[Event "Titled Tuesday intern op 31st Jan Early"]
[Site "Chess.com INT"]
[Date "2023.01.31"]
[Round "7"]
[White "Zong, Davis Jr"]
[Black "Matveeva, Olga"]
[Result "1-0"]
[WhiteElo "2151"]
[BlackElo "2111"]
[PlyCount "55"]
[EventDate "2023.01.31"]
[EventType "swiss (blitz)"]
[EventRounds "11"]
[EventCountry "USA"]
[SourceTitle "CBM 212 Extra"]
[Source "ChessBase"]
[SourceDate "2023.03.31"]
[SourceVersion "1"]
[SourceVersionDate "2023.03.31"]
[SourceQuality "1"]

1. e4 e6 2. Nf3 d5 3. exd5 exd5 4. d4 Nf6 5. Bd3 c5 6. 0-0 c4 7. Re1+ Be7 8. Bf1 0-0 9. b3 cxb3 10. axb3 Bg4 11. h3 Bh5 12. g4 Bg6 13. Ne5 Nc6 14. Nxg6 fxg6 15. Bg2 Kh8 16. Nc3 Bd6 17. Bg5 h6 18. Be3 a6 19. g5 Ne4 20. Nxe4 dxe4 21. gxh6 Qh4 22. Qg4 Qxg4 23. hxg4 gxh6 24. Bxh6 Rfe8 25. Bg5 Kg7 26. c3 b5 27. Bxe4 Rac8 28. Rxa6 1-0

[Event "Titled Tuesday intern op 27th Sep Early"]
[Site "Chess.com INT"]
[Date "2022.09.27"]
[Round "8"]
[White "Aldokhin, Ivan"]
[Black "Zong, Davis Jr"]
[Result "1-0"]
[WhiteElo "2413"]
[BlackElo "2172"]
[PlyCount "61"]
[EventDate "2022.09.27"]
[EventType "swiss (blitz)"]
[EventRounds "11"]
[EventCountry "USA"]
[SourceTitle "CBM 210 Extra"]
[Source "ChessBase"]
[SourceDate "2022.11.30"]
[SourceVersion "1"]
[SourceVersionDate "2022.11.30"]
[SourceQuality "1"]

1. e4 e5 2. Nf3 Nc6 3. Bb5 a6 4. Ba4 Nf6 5. 0-0 Be7 6. Re1 b5 7. Bb3 0-0 8. d4 d6 9. c3 Bg4 10. d5 Na5 11. Bc2 Nc4 12. a4 Qd7 13. b3 Nb6 14. a5 Nc8 15. Nbd2 c6 16. h3 Bh5 17. dxc6 Qxc6 18. Bb2 d5 19. g4 dxe4 20. Nxe4 Bg6 21. Nxe5 Qc7 22. Nxg6 fxg6 23. Nxf6+ Bxf6 24. Qd5+ Qf7 25. Qxa8 Bxc3 26. Bxc3 Qxf2+ 27. Kh1 Qxc2 28. Qd5+ Kh8 29. Qd4 Rg8 30. Re8 Rxe8 31. Qxg7# 1-0

[Event "Titled Tuesday intern op 27th Sep Early"]
[Site "Chess.com INT"]
[Date "2022.09.27"]
[Round "10"]
[White "Odegov, Artem"]
[Black "Zong, Davis Jr"]
[Result "1/2-1/2"]
[WhiteElo "2286"]
[BlackElo "2172"]
[PlyCount "201"]
[EventDate "2022.09.27"]
[EventType "swiss (blitz)"]
[EventRounds "11"]
[EventCountry "USA"]
[SourceTitle "CBM 210 Extra"]
[Source "ChessBase"]
[SourceDate "2022.11.30"]
[SourceVersion "1"]
[SourceVersionDate "2022.11.30"]
[SourceQuality "1"]

1. d4 d5 2. c4 c6 3. Nf3 Nf6 4. Nc3 e6 5. Bg5 dxc4 6. e4 b5 7. e5 h6 8. Bh4 g5 9. Nxg5 hxg5 10. Bxg5 Nbd7 11. g3 Bb7 12. Bg2 Bh6 13. Bxh6 Rxh6 14. exf6 Nxf6 15. Nxb5 cxb5 16. Bxb7 Rb8 17. Bg2 Rb6 18. 0-0 Rd6 19. Qe2 Kf8 20. Rad1 Rxd4 21. Rxd4 Qxd4 22. Rd1 Qc5 23. Qd2 Kg7 24. h4 Rh5 25. Bf3 Re5 26. Kg2 b4 27. Rc1 Nd5 28. h5 c3 29. bxc3 bxc3 30. h6+ Kh8 31. Qd3 Rg5 32. Bxd5 Qxd5+ 33. Qxd5 Rxd5 34. Rxc3 Ra5 35. Rc7 Kg8 36. g4 Kh7 37. Rxf7+ Kxh6 38. Kg3 Kg6 39. Re7 Kf6 40. Rb7 Rxa2 41. f3 a5 42. Ra7 a4 43. Kf4 a3 44. Ra6 Ra1 45. g5+ Kf7 46. Ra7+ Kg6 47. Ra6 Kf7 48. g6+ Kxg6 49. Rxe6+ Kf7 50. Ra6 a2 51. Ra3 Kf6 52. Ra5 Ke6 53. Ra6+ Kf7 54. Ra4 Kf6 55. Ra5 Ke6 56. Re5+ Kf6 57. Re2 Kg6 58. Ke5 Rf1 59. Rg2+ Kf7 60. Rxa2 Rxf3 61. Ra6 Re3+ 62. Kf5 Re1 63. Ra7+ Kf8 64. Kg6 Rg1+ 65. Kf6 Rf1+ 66. Ke6 Re1+ 67. Kd6 Rd1+ 68. Ke5 Re1+ 69. Kf5 Rf1+ 70. Ke4 Re1+ 71. Kf3 Re7 72. Ra8+ Kf7 73. Ra4 Re6 74. Kf4 Rb6 75. Ke5 Rb5+ 76. Kd6 Rh5 77. Rf4+ Kg6 78. Ke6 Rh1 79. Rg4+ Kh5 80. Rg8 Re1+ 81. Kf5 Rf1+ 82. Ke4 Rf2 83. Ke3 Rf1 84. Ke2 Rf7 85. Rg1 Kh6 86. Ke3 Kh5 87. Ke4 Kh4 88. Ke5 Kh5 89. Rg2 Rf1 90. Ke6 Rf3 91. Ke7 Rf1 92. Rg8 Rf3 93. Rh8+ Kg6 94. Ke6 Re3+ 95. Kd5 Re1 96. Rh2 Re3 97. Kd4 Re1 98. Kd3 Re8 99. Kd2 Kf5 100. Re2 Rxe2+ 101. Kxe2 1/2-1/2

[Event "Titled Tuesday intern op 27th Sep Late"]
[Site "Chess.com INT"]
[Date "2022.09.27"]
[Round "2"]
[White "Zong, Davis Jr"]
[Black "Alfaro Caracas, William"]
[Result "1-0"]
[WhiteElo "2172"]
[BlackElo "2146"]
[PlyCount "67"]
[EventDate "2022.09.27"]
[EventType "swiss (blitz)"]
[EventRounds "11"]
[EventCountry "USA"]
[SourceTitle "CBM 210 Extra"]
[Source "ChessBase"]
[SourceDate "2022.11.30"]
[SourceVersion "1"]
[SourceVersionDate "2022.11.30"]
[SourceQuality "1"]

1. c4 Nf6 2. Nc3 g6 3. e4 d6 4. d4 Bg7 5. Nf3 0-0 6. Be2 e5 7. 0-0 Nc6 8. d5 Ne7 9. b4 a5 10. Ba3 Nd7 11. bxa5 Rxa5 12. Bb4 Ra8 13. a4 h6 14. Ne1 f5 15. f3 g5 16. Nd3 f4 17. c5 Nf6 18. Nb5 Ne8 19. Qc2 Rf7 20. Rfc1 Ng6 21. a5 h5 22. h3 Bd7 23. Na3 Bf8 24. Nc4 Rg7 25. cxd6 cxd6 26. Nb6 Rb8 27. Nxd7 Qxd7 28. Nf2 Nh4 29. Qc4 Nf6 30. Qb5 Qd8 31. Qb6 Qe8 32. Bxd6 Bxd6 33. Qxd6 Qg6 34. Qxb8+ 1-0

[Event "Titled Tuesday intern op 27th Sep Early"]
[Site "Chess.com INT"]
[Date "2022.09.27"]
[Round "1"]
[White "Zong, Davis Jr"]
[Black "Gareyev, Timur"]
[Result "1/2-1/2"]
[WhiteElo "2172"]
[BlackElo "2608"]
[PlyCount "104"]
[EventDate "2022.09.27"]
[EventType "swiss (blitz)"]
[EventRounds "11"]
[EventCountry "USA"]
[SourceTitle "CBM 210 Extra"]
[Source "ChessBase"]
[SourceDate "2022.11.30"]
[SourceVersion "1"]
[SourceVersionDate "2022.11.30"]
[SourceQuality "1"]

1. d4 d6 2. e4 g6 3. Nc3 a6 4. Be3 b5 5. a3 Nd7 6. h4 Ngf6 7. Nh3 e5 8. d5 Bb7 9. Be2 c6 10. dxc6 Bxc6 11. f3 Nh5 12. Bf2 Be7 13. g3 0-0 14. Qd2 Rc8 15. 0-0-0 Ng7 16. g4 Ne6 17. Kb1 Rb8 18. Nd5 Bxd5 19. exd5 Nec5 20. h5 g5 21. Bxc5 Nxc5 22. Nf2 a5 23. Ne4 Qb6 24. Nxc5 Qxc5 25. Qxa5 e4 26. fxe4 Bf6 27. Rhf1 Be5 28. Qb4 Qe3 29. Bd3 h6 30. Rf5 Qg3 31. Rdf1 Qxg4 32. Rxe5 dxe5 33. Qd6 b4 34. axb4 Qxh5 35. Qxe5 Rxb4 36. Qc3 Rfb8 37. b3 Qh3 38. e5 Qg2 39. e6 Rf4 40. exf7+ Kf8 41. Qh8+ Ke7 42. Qxb8 Rxf1+ 43. Bxf1 Qxf1+ 44. Kb2 Qf6+ 45. Ka2 Kxf7 46. Qc7+ Ke8 47. d6 Qe6 48. Kb2 g4 49. Qb8+ Kd7 50. Qc7+ Ke8 51. Qb8+ Kd7 52. Qc7+ Ke8 1/2-1/2

[Event "Titled Tuesday intern op 27th Sep Early"]
[Site "Chess.com INT"]
[Date "2022.09.27"]
[Round "9"]
[White "Zong, Davis Jr"]
[Black "Kostiukov, Alexandr"]
[Result "1-0"]
[WhiteElo "2172"]
[BlackElo "2271"]
[PlyCount "69"]
[EventDate "2022.09.27"]
[EventType "swiss (blitz)"]
[EventRounds "11"]
[EventCountry "USA"]
[SourceTitle "CBM 210 Extra"]
[Source "ChessBase"]
[SourceDate "2022.11.30"]
[SourceVersion "1"]
[SourceVersionDate "2022.11.30"]
[SourceQuality "1"]

1. c4 c5 2. Nf3 Nf6 3. g3 g6 4. Bg2 Bg7 5. 0-0 0-0 6. d4 cxd4 7. Nxd4 Nc6 8. Nc3 Nxd4 9. Qxd4 d6 10. Bg5 Be6 11. Qd3 Qa5 12. Bxf6 Bxf6 13. Rab1 Rab8 14. b4 Qa6 15. Nd5 Bxd5 16. Bxd5 Qxa2 17. h4 Qa4 18. h5 Kg7 19. Qe3 a6 20. Kg2 Qc2 21. Rh1 g5 22. h6+ Kh8 23. Qf3 Qc3 24. Qg4 Qd4 25. Qf3 b5 26. Be4 e6 27. Rhd1 Qe5 28. cxb5 Rxb5 29. Rxd6 Be7 30. Rxa6 f5 31. Bd3 Rxb4 32. Rxb4 Bxb4 33. Ra7 Qf6 34. Qb7 Bc3 35. Qxh7# 1-0

[Event "Titled Tuesday intern op 27th Sep Late"]
[Site "Chess.com INT"]
[Date "2022.09.27"]
[Round "11"]
[White "Zong, Davis Jr"]
[Black "Prydun, Andriy"]
[Result "1-0"]
[WhiteElo "2172"]
[BlackElo "2134"]
[PlyCount "59"]
[EventDate "2022.09.27"]
[EventType "swiss (blitz)"]
[EventRounds "11"]
[EventCountry "USA"]
[SourceTitle "CBM 210 Extra"]
[Source "ChessBase"]
[SourceDate "2022.11.30"]
[SourceVersion "1"]
[SourceVersionDate "2022.11.30"]
[SourceQuality "1"]

1. c4 Nf6 2. Nc3 e6 3. e4 d5 4. e5 d4 5. exf6 dxc3 6. bxc3 Qxf6 7. Nf3 Nc6 8. d4 Bd6 9. Bd3 h6 10. c5 Be7 11. h4 e5 12. d5 Nd8 13. Be3 b6 14. Bb5+ c6 15. dxc6 a6 16. c7+ axb5 17. cxd8B Bxd8 18. Qd5 Rb8 19. cxb6 0-0 20. Qxb5 Bxb6 21. 0-0 Bc7 22. Qc4 Bd6 23. Nd2 Be6 24. Qc6 Ba3 25. Qa4 Bb2 26. Rab1 Rfc8 27. Qc2 Ba3 28. Ne4 Qg6 29. f3 Kh8 30. Rxb8 1-0

[Event "Titled Tuesday intern op 30th Aug Early"]
[Site "Chess.com INT"]
[Date "2022.08.30"]
[Round "4"]
[White "Zong, Davis Jr"]
[Black "Barbashin, Igor"]
[Result "1-0"]
[WhiteElo "2231"]
[BlackElo "2169"]
[PlyCount "55"]
[EventDate "2022.08.30"]
[EventType "swiss (blitz)"]
[EventRounds "11"]
[EventCountry "USA"]
[SourceTitle "EXT 2023"]
[Source "ChessBase"]
[SourceDate "2022.10.05"]
[SourceVersion "1"]
[SourceVersionDate "2022.10.05"]
[SourceQuality "1"]

1. c4 Nf6 2. Nc3 g6 3. e4 d6 4. d4 Bg7 5. Nf3 0-0 6. Be2 e5 7. 0-0 exd4 8. Nxd4 c6 9. Be3 Nbd7 10. Qd2 Re8 11. f3 d5 12. cxd5 cxd5 13. Ndb5 dxe4 14. Nd6 exf3 15. Nxe8 Qxe8 16. Bxf3 Ne5 17. Bd4 Nxf3+ 18. Rxf3 Bf5 19. Re1 Qc6 20. Qg5 Ne4 21. Qe3 Bxd4 22. Qxd4 Nxc3 23. Rxc3 Qa6 24. a4 Be6 25. Rc7 Qa5 26. Rec1 Rd8 27. Qxd8+ Kg7 28. Rxf7+ 1-0

[Event "Titled Tuesday intern op 30th Aug Early"]
[Site "Chess.com INT"]
[Date "2022.08.30"]
[Round "9"]
[White "Zong, Davis Jr"]
[Black "Foerster Yialamas, Lucas"]
[Result "1-0"]
[WhiteElo "2231"]
[BlackElo "2197"]
[PlyCount "77"]
[EventDate "2022.08.30"]
[EventType "swiss (blitz)"]
[EventRounds "11"]
[EventCountry "USA"]
[SourceTitle "EXT 2023"]
[Source "ChessBase"]
[SourceDate "2022.10.05"]
[SourceVersion "1"]
[SourceVersionDate "2022.10.05"]
[SourceQuality "1"]

1. c4 c5 2. Nf3 Nc6 3. g3 e5 4. Nc3 g6 5. Bg2 Bg7 6. 0-0 Nge7 7. d3 Kf8 8. Rb1 d6 9. a3 a5 10. Bd2 f5 11. Nd5 h6 12. e4 g5 13. b4 axb4 14. axb4 f4 15. bxc5 dxc5 16. Ra1 Bg4 17. Rxa8 Qxa8 18. h3 Bxf3 19. Bxf3 Nd4 20. Bg4 Nxd5 21. exd5 h5 22. Bxh5 f3 23. Bxf3 Rxh3 24. Kg2 Rh7 25. Bxg5 Qa2 26. Be4 Rh8 27. Qg4 Qe2 28. Qc8+ Kf7 29. Qd7+ Kg8 30. Qe8+ Bf8 31. Qg6+ Bg7 32. Bf6 Qxe4+ 33. dxe4 Rh7 34. Qe8+ Bf8 35. Bxe5 Re7 36. Qg6+ Bg7 37. Bxg7 Rxg7 38. Qe8+ Kh7 39. Rh1# 1-0

[Event "Titled Tuesday intern op 23rd Aug Late"]
[Site "Chess.com INT"]
[Date "2022.08.23"]
[Round "6"]
[White "Uskov, Artem"]
[Black "Zong, Davis Jr"]
[Result "0-1"]
[WhiteElo "2377"]
[BlackElo "2231"]
[PlyCount "122"]
[EventDate "2022.08.23"]
[EventType "swiss (blitz)"]
[EventRounds "11"]
[EventCountry "USA"]
[SourceTitle "EXT 2023"]
[Source "ChessBase"]
[SourceDate "2022.10.05"]
[SourceVersion "1"]
[SourceVersionDate "2022.10.05"]
[SourceQuality "1"]

1. e4 e5 2. f4 Bc5 3. Nf3 d5 4. Nxe5 dxe4 5. Bc4 Nh6 6. Nxf7 Qd4 7. Rf1 Bg4 8. Be2 Bxe2 9. Qxe2 Nxf7 10. Nc3 0-0 11. Nxe4 Nc6 12. c3 Qd5 13. d3 Rae8 14. f5 Nd6 15. Rf4 Rxf5 16. Rg4 Ne5 17. Rg3 Nxd3+ 18. Rxd3 Qxe4 19. Qxe4 Rxe4+ 20. Kd1 Rf2 21. Rd2 Rf1+ 22. Kc2 Ree1 23. b4 Be3 24. Rd3 Rxc1+ 25. Rxc1 Rxc1+ 26. Kb2 Bh6 27. a4 Kf7 28. g4 Ke6 29. h3 Nc4+ 30. Kb3 Ne5 31. Rd4 Be3 32. Rd8 Rh1 33. Re8+ Kd5 34. Re7 Rxh3 35. Rxc7 Nxg4 36. Rxb7 Ne5 37. Rb5+ Kd6 38. Rb8 g5 39. Rd8+ Ke7 40. Rd1 g4 41. a5 g3 42. b5 g2 43. b6 g1Q 44. Rxg1 Bxg1 45. b7 Nd7 46. a6 Nb8 47. Kb4 Rh5 48. c4 Nxa6+ 49. Kb3 Nc5+ 50. Kc2 Nxb7 51. Kd1 a5 52. Ke2 a4 53. Kf3 a3 54. Kg4 Re5 55. Kf4 Kf6 56. c5 Nxc5 57. Kf3 a2 58. Kg2 a1Q 59. Kh3 Rg5 60. Kh4 Qe1+ 61. Kh3 Qg3# 0-1

[Event "Titled Tuesday intern op 23rd Aug Late"]
[Site "Chess.com INT"]
[Date "2022.08.23"]
[Round "1"]
[White "Zong, Davis Jr"]
[Black "Seo, Jung Min"]
[Result "0-1"]
[WhiteElo "2231"]
[BlackElo "2514"]
[PlyCount "112"]
[EventDate "2022.08.23"]
[EventType "swiss (blitz)"]
[EventRounds "11"]
[EventCountry "USA"]
[SourceTitle "EXT 2023"]
[Source "ChessBase"]
[SourceDate "2022.10.05"]
[SourceVersion "1"]
[SourceVersionDate "2022.10.05"]
[SourceQuality "1"]

1. d4 d5 2. c4 dxc4 3. Nf3 Nf6 4. e3 Bg4 5. Bxc4 e6 6. 0-0 Nbd7 7. Nc3 c5 8. h3 Bh5 9. d5 exd5 10. Nxd5 Be7 11. Nxe7 Qxe7 12. b3 0-0 13. Bb2 Rfd8 14. Be2 Ne5 15. Qc2 Nxf3+ 16. Bxf3 Bxf3 17. gxf3 b6 18. Rad1 Nd5 19. Qf5 g6 20. Qe4 Qxe4 21. fxe4 Nb4 22. a3 Nc6 23. Bf6 Rxd1 24. Rxd1 Na5 25. b4 cxb4 26. axb4 Nc4 27. b5 h6 28. Rd7 g5 29. Kg2 Re8 30. Rxa7 Rxe4 31. Kf3 Re6 32. Bd4 Nd6 33. Bxb6 Nxb5 34. Ra8+ Kg7 35. Bd4+ Nxd4+ 36. exd4 Re1 37. d5 f5 38. Ra6 Rd1 39. Rd6 h5 40. Kg2 h4 41. Kh2 Rd3 42. Kg2 g4 43. hxg4 fxg4 44. Ra6 h3+ 45. Kh2 Rd2 46. Kg3 Rd1 47. Ra4 Rg1+ 48. Kh2 Rg2+ 49. Kh1 Kf6 50. d6 Ke6 51. Rd4 Kd7 52. f3 gxf3 53. Rf4 f2 54. Rf7+ Ke8 55. d7+ Kxf7 56. d8N+ Kg8 0-1

[Event "Titled Tuesday intern op 02nd Aug Late"]
[Site "Chess.com INT"]
[Date "2022.08.02"]
[Round "6"]
[White "Al Tarbosh, Ward"]
[Black "Zong, Davis Jr"]
[Result "1-0"]
[WhiteElo "2203"]
[BlackElo "2191"]
[PlyCount "113"]
[EventDate "2022.08.02"]
[EventType "swiss (blitz)"]
[EventRounds "11"]
[EventCountry "USA"]
[SourceTitle "EXT 2023"]
[Source "ChessBase"]
[SourceDate "2022.10.05"]
[SourceVersion "1"]
[SourceVersionDate "2022.10.05"]
[SourceQuality "1"]

1. e4 e5 2. Nf3 Nc6 3. Bb5 a6 4. Ba4 Nf6 5. 0-0 Be7 6. Re1 b5 7. Bb3 0-0 8. c3 d6 9. h3 Na5 10. Bc2 c5 11. d4 Qc7 12. d5 c4 13. Nbd2 Nb7 14. a4 Bd7 15. Nf1 Nc5 16. axb5 axb5 17. Bg5 h6 18. Bh4 g5 19. Bg3 Nh5 20. Qd2 f5 21. exf5 Bxf5 22. Bxf5 Rxf5 23. Ne3 Rff8 24. Qc2 Nd3 25. Red1 Nxg3 26. fxg3 Qc5 27. Qe2 Nxb2 28. Rxa8 Nxd1 29. Rxf8+ Kxf8 30. Qxd1 Qxe3+ 31. Kh2 Qxc3 32. Qf1 Ke8 33. Qb1 b4 34. Qg6+ Kd8 35. Qg8+ Kc7 36. Qf7 Kd7 37. Qe6+ Ke8 38. Qc8+ Kf7 39. Qe6+ Kf8 40. Qxh6+ Ke8 41. Qg6+ Kd8 42. Qg8+ Kc7 43. Qf7 Kd8 44. Qg8+ Kc7 45. Qe6 Kd8 46. h4 gxh4 47. gxh4 b3 48. Ng5 Bxg5 49. hxg5 b2 50. Qxd6+ Ke8 51. Qe6+ Kf8 52. g6 Kg7 53. Qf7+ Kh6 54. Qh7+ Kg5 55. g7 b1Q 56. g8Q+ Kf4 57. Qxb1 1-0

[Event "Titled Tuesday intern op 02nd Aug Late"]
[Site "Chess.com INT"]
[Date "2022.08.02"]
[Round "2"]
[White "Zong, Davis Jr"]
[Black "Jaferian, Koosha"]
[Result "0-1"]
[WhiteElo "2191"]
[BlackElo "2213"]
[PlyCount "128"]
[EventDate "2022.08.02"]
[EventType "swiss (blitz)"]
[EventRounds "11"]
[EventCountry "USA"]
[SourceTitle "EXT 2023"]
[Source "ChessBase"]
[SourceDate "2022.10.05"]
[SourceVersion "1"]
[SourceVersionDate "2022.10.05"]
[SourceQuality "1"]

1. d4 Nf6 2. c4 e6 3. Nf3 b6 4. g3 Ba6 5. Nbd2 Bb4 6. Qc2 Bb7 7. Bg2 c5 8. e3 cxd4 9. exd4 0-0 10. 0-0 d5 11. a3 Be7 12. b3 Nbd7 13. Bb2 Rc8 14. Ne5 Qc7 15. Rac1 Qb8 16. Qb1 dxc4 17. Ndxc4 Bxg2 18. Kxg2 Qb7+ 19. Kg1 Nd5 20. Qe4 N7f6 21. Qf3 Rfd8 22. Rfe1 b5 23. Na5 Qa6 24. Nac6 Re8 25. b4 Bd6 26. Qb3 Rc7 27. Rc2 Rec8 28. Rec1 Nb6 29. Ne7+ Rxe7 30. Rxc8+ Nxc8 31. Rc6 Qb7 32. Qc2 Re8 33. f4 Nd5 34. Bc1 Bxe5 35. fxe5 Nce7 36. Rc5 Rc8 37. Bf4 Rxc5 38. Qxc5 h6 39. Qd6 Nxf4 40. gxf4 Nd5 41. Qd8+ Kh7 42. Qe8 Nxf4 43. Kf2 Qg2+ 44. Ke3 Nd5+ 45. Kd3 Qf3+ 46. Kd2 Qe3+ 47. Kc2 Qe4+ 48. Kd2 Qxd4+ 49. Ke2 Qxe5+ 50. Kd2 Qxh2+ 51. Kd3 Qg3+ 52. Kd2 Qc3+ 53. Ke2 Qe3+ 54. Kd1 Qd3+ 55. Kc1 Qxa3+ 56. Kd1 Qa4+ 57. Ke2 Qc2+ 58. Kf3 Qd3+ 59. Kg2 Qe2+ 60. Kg3 Qe3+ 61. Kh2 Qf2+ 62. Kh1 Qf3+ 63. Kh2 Nf4 64. Qxf7 Qg2# 0-1

[Event "Titled Tuesday intern op 02nd Aug Late"]
[Site "Chess.com INT"]
[Date "2022.08.02"]
[Round "9"]
[White "Zong, Davis Jr"]
[Black "Reprintsev, Alexander"]
[Result "1-0"]
[WhiteElo "2191"]
[BlackElo "2353"]
[PlyCount "105"]
[EventDate "2022.08.02"]
[EventType "swiss (blitz)"]
[EventRounds "11"]
[EventCountry "USA"]
[SourceTitle "EXT 2023"]
[Source "ChessBase"]
[SourceDate "2022.10.05"]
[SourceVersion "1"]
[SourceVersionDate "2022.10.05"]
[SourceQuality "1"]

1. d4 d5 2. c4 dxc4 3. Nf3 a6 4. a4 Nc6 5. e3 Na5 6. Ne5 Be6 7. Na3 Nb3 8. Rb1 Nxc1 9. Rxc1 Nf6 10. Bxc4 Bxc4 11. Naxc4 e6 12. Qb3 Nd5 13. Qxb7 Bb4+ 14. Ke2 0-0 15. Nc6 Qg5 16. g3 a5 17. e4 Nf6 18. f3 h5 19. Qxc7 Kh7 20. Qe5 Qg6 21. Qf4 Nd7 22. N4e5 Nxe5 23. Nxe5 Qf6 24. Qxf6 gxf6 25. Nd7 Rfd8 26. Nxf6+ Kg6 27. e5 Rxd4 28. Rhd1 Rad8 29. Rxd4 Rxd4 30. Rd1 Rc4 31. Kd3 Rc5 32. f4 Kf5 33. Nxh5 Kg4 34. Nf6+ Kf3 35. Rf1+ Kg2 36. Rd1 Kxh2 37. g4 Kg3 38. Rf1 Rc8 39. g5 Rd8+ 40. Kc4 Rd2 41. b3 Rc2+ 42. Kb5 Rc3 43. Ne4+ Kg2 44. Nxc3 Kxf1 45. Ne4 Ke2 46. Nd6 Kf3 47. Nxf7 Kxf4 48. g6 Bf8 49. Kxa5 Kf5 50. Kb5 Kxg6 51. Nd6 Bg7 52. Nc4 Kf5 53. a5 1-0

[Event "Titled Tuesday intern op 26th Jul Late"]
[Site "Chess.com INT"]
[Date "2022.07.26"]
[Round "11"]
[White "Zong, Davis Jr"]
[Black "Nazaretyan, Tigran"]
[Result "0-1"]
[WhiteElo "2191"]
[BlackElo "2316"]
[PlyCount "110"]
[EventDate "2022.07.26"]
[EventType "swiss (blitz)"]
[EventRounds "11"]
[EventCountry "USA"]
[SourceTitle "EXT 2023"]
[Source "ChessBase"]
[SourceDate "2022.10.05"]
[SourceVersion "1"]
[SourceVersionDate "2022.10.05"]
[SourceQuality "1"]

1. d4 Nf6 2. c4 c5 3. d5 e6 4. Nc3 exd5 5. cxd5 d6 6. e4 g6 7. h3 Bg7 8. Nf3 0-0 9. Bd3 b5 10. Nxb5 Nxe4 11. Bxe4 Re8 12. 0-0 Rxe4 13. Qc2 Bf5 14. Nc3 Re1 15. Qd2 Rxf1+ 16. Kxf1 Na6 17. b3 Nb4 18. Bb2 Nd3 19. g4 Be4 20. Nxe4 Nxb2 21. Rb1 Qe7 22. Nc3 Qf6 23. Rxb2 Qxf3 24. Rc2 Qxh3+ 25. Kg1 Qxg4+ 26. Kh1 Qh3+ 27. Kg1 Re8 28. Ne2 Re4 29. Ng3 Rd4 30. Qe2 Be5 31. Rc3 Rg4 32. Re3 Bxg3 33. fxg3 Rxg3+ 34. Rxg3 Qxg3+ 35. Kf1 Qf4+ 36. Kg2 Qg5+ 37. Kf1 Qxd5 38. Qe8+ Kg7 39. Qe7 Qf5+ 40. Kg2 Qc2+ 41. Kf1 Qb1+ 42. Kg2 Qxa2+ 43. Kg1 Qb1+ 44. Kg2 Qc2+ 45. Kg1 Qd1+ 46. Kg2 Qd5+ 47. Kg1 a5 48. Qc7 h5 49. Qxa5 Qxb3 50. Qc7 Qe3+ 51. Kg2 Qe5 52. Qc6 h4 53. Kh1 h3 54. Qd7 Qe4+ 55. Kh2 Qg2# 0-1

[Event "Titled Tuesday intern op 19th Jul Early"]
[Site "Chess.com INT"]
[Date "2022.07.19"]
[Round "7"]
[White "Antonio, Jorge Carlos"]
[Black "Zong, Davis Jr"]
[Result "1-0"]
[WhiteElo "2277"]
[BlackElo "2191"]
[PlyCount "75"]
[EventDate "2022.07.19"]
[EventType "swiss (blitz)"]
[EventRounds "11"]
[EventCountry "USA"]
[SourceTitle "EXT 2023"]
[Source "ChessBase"]
[SourceDate "2022.10.05"]
[SourceVersion "1"]
[SourceVersionDate "2022.10.05"]
[SourceQuality "1"]

1. d4 d5 2. Nf3 Nf6 3. Bf4 c5 4. e3 Nc6 5. c3 e6 6. Bd3 Bd6 7. Ne5 0-0 8. Nxc6 bxc6 9. Bxd6 Qxd6 10. 0-0 cxd4 11. exd4 e5 12. dxe5 Qxe5 13. Re1 Qc7 14. Nd2 Rb8 15. b3 Bg4 16. Be2 Bf5 17. Nf3 Ne4 18. Rc1 Rfd8 19. Nd4 Bd7 20. Bf3 Nf6 21. Ne2 Qa5 22. Qc2 Re8 23. Ng3 c5 24. h3 d4 25. Rxe8+ Rxe8 26. cxd4 cxd4 27. Rd1 Re1+ 28. Rxe1 Qxe1+ 29. Kh2 g6 30. Qc7 Qxf2 31. Qxa7 h5 32. Nh1 Qe3 33. Qb6 Qf4+ 34. Kg1 d3 35. Nf2 d2 36. a4 Bxh3 37. Nxh3 Qxf3 38. Qd8+ 1-0

[Event "Titled Tuesday intern op 19th Jul Early"]
[Site "Chess.com INT"]
[Date "2022.07.19"]
[Round "2"]
[White "Zong, Davis Jr"]
[Black "Clarke, Brandon GI"]
[Result "0-1"]
[WhiteElo "2191"]
[BlackElo "2486"]
[PlyCount "74"]
[EventDate "2022.07.19"]
[EventType "swiss (blitz)"]
[EventRounds "11"]
[EventCountry "USA"]
[SourceTitle "EXT 2023"]
[Source "ChessBase"]
[SourceDate "2022.10.05"]
[SourceVersion "1"]
[SourceVersionDate "2022.10.05"]
[SourceQuality "1"]

1. d4 Nf6 2. c4 g6 3. Nc3 Bg7 4. e4 d6 5. Nf3 0-0 6. Be2 e5 7. 0-0 Nc6 8. d5 Ne7 9. b4 Nh5 10. c5 Nf4 11. Bxf4 exf4 12. Rc1 h6 13. a4 g5 14. Nd4 Be5 15. a5 a6 16. cxd6 cxd6 17. Na4 Bd7 18. Nb6 Rb8 19. Nxd7 Qxd7 20. Bg4 Qd8 21. Nf5 Nxf5 22. Bxf5 b6 23. axb6 Qxb6 24. Rc6 Qxb4 25. Rxa6 Ra8 26. Qd3 Rxa6 27. Qxa6 Rb8 28. Qc6 Kg7 29. g3 f3 30. Qc2 h5 31. Qc1 Kf6 32. h4 Rg8 33. hxg5+ Rxg5 34. Qc7 Qd2 35. Qd8+ Kg7 36. Rb1 Rxg3+ 37. Kh1 Qxf2 0-1

[Event "Titled Tuesday intern op 19th Apr Late"]
[Site "Chess.com INT"]
[Date "2022.04.19"]
[Round "10"]
[White "Tsukerman, Julia"]
[Black "Zong, Davis Jr"]
[Result "0-1"]
[WhiteElo "1523"]
[BlackElo "2141"]
[PlyCount "66"]
[EventDate "2022.04.19"]
[EventType "swiss (blitz)"]
[EventRounds "11"]
[EventCountry "USA"]
[SourceTitle "EXT 2023"]
[Source "ChessBase"]
[SourceDate "2022.10.05"]
[SourceVersion "1"]
[SourceVersionDate "2022.10.05"]
[SourceQuality "1"]

1. e4 c5 2. Nf3 d6 3. d4 cxd4 4. Nxd4 Nf6 5. Nc3 a6 6. Be3 e6 7. f3 Be7 8. Qd2 Qc7 9. 0-0-0 b5 10. Kb1 0-0 11. g4 b4 12. Nce2 d5 13. g5 Nfd7 14. exd5 exd5 15. h4 Ne5 16. Nf4 Bb7 17. Be2 Nc4 18. Bxc4 dxc4 19. Nf5 Nc6 20. Nd5 Qe5 21. Nfxe7+ Nxe7 22. Nxe7+ Qxe7 23. Qf2 Rfc8 24. Bd4 c3 25. b3 a5 26. Rhe1 Qc7 27. Be5 Qc6 28. f4 a4 29. Rd6 Qb5 30. Rc1 axb3 31. cxb3 Be4+ 32. Ka1 c2 33. Qd4 Rxa2+ 0-1